Homophones, Homonyms, Homographs - Statistics

General Stats
  • This quiz has been taken 321 times
  • The average score is 5 of 15
Answer Stats
Hint Answer % Correct
A gift present
86%
Storage area of a car trunk
68%
Nude; without covering bare
63%
A person who mends shoes cobbler
55%
A blinking, movable indicator on a computer screen cursor
39%
Happy and satisfied content
36%
A functional unit of language made up of a subject and predicate sentence
32%
A young swan cygnet
26%
A mixture in which on substance dissolves in another solution
17%
An account or evidence of things in the past record
14%
An overwhelming defeat rout
13%
A strapless, tight-fitting undergarment bustier
4%
A characteristic or quality attribute
3%
A small wheel on a swivel caster
3%
To get smaller in size; to shrink contract
3%
No matching quizzes found
Score Distribution
Percent of People with Each Score
Percentile by Number Answered
Your Score History
You have not taken this quiz